Classifica Serie A 2018-2019 - Statistics

Statistiche generali
  • Questo quiz è stato fatto 119 volte
  • Il punteggio medio è 18 su 20
Statistiche sulle risposte
Squadra Punti Vinte Pareggiate Perse Gol fatti Gol subiti % Corretto
Inter 69 20 9 9 57 33
100%
Juventus 90 28 6 4 70 30
100%
Atalanta 69 20 9 9 77 46
99%
Milan 68 19 11 8 55 36
98%
Napoli 79 24 7 7 74 36
98%
Fiorentina 41 8 17 13 57 45
97%
Lazio 59 17 8 13 56 56
97%
Torino 63 16 15 7 52 37
93%
Sassuolo 43 9 16 13 53 60
92%
Udinese 43 11 10 17 39 53
92%
Bologna 44 11 11 16 48 56
91%
Roma 66 178 12 8 66 48
91%
Sampdoria 53 15 8 15 60 51
91%
Genoa 38 8 14 16 39 57
88%
Cagliari 41 10 11 17 36 54
85%
Empoli 38 10 8 20 51 70
78%
ChievoVerona 17 2 14 22 25 75
76%
Parma 41 10 11 17 41 61
74%
Frosinone 25 5 10 23 29 69
70%
SPAL 42 11 9 18 44 56
66%
Nessun quiz corrispondente trovato
Distribuzione punteggi
Percentuale di utenti per punteggio
Percentile per numero di risposta
I tuoi punteggi nel tempo
Non hai fatto questo quiz